00584nam a2200181Ia 4500020001800000082002000018100001900038245006400057260004000121300001700161504003600178650001800214650003200232650002500264650003900289650004200328650003200370 a81-86562-75-3 a331.70954 PAN-; aPanda, Damodar 0aLabour in unorganised sector: the devalued and the deprived aNew DelhibManak Publicationsc1999 axxiii, 316p. aIncludes bibliography and index aLabor - India aLabor policy - Labor policy aLabor unions - India aLabor laws and legislation - India aWages and labour productivity - India aIndia - Economic conditions